| 000 | 00437nam a2200097Ia 4500 | ||
|---|---|---|---|
| 008 | 180130s9999 xx 000 0 und d | ||
| 245 |
_cNobre, Marcelo; Silva, Ivanovitch; Guedes, Luiz Affonso _aRouting and scheduling algorithms for WirelessHART networks: a survey |
||
| 260 | _c2016 | ||
| 300 | _aBook title: Wireless sensor networks : from theory to applications--Acession number C20745; pages 173-210 | ||
| 650 | _aWIRELESS SENSOR NETWORKS | ||
| 999 |
_c354002 _d354002 |
||